00552nam a22001697a 4500003001100000005001700011008004100028040003900069041000800108082001500116245004400131260006300175300003000238490004000268650003900308650003500347LK-CoMWRAF20231225184518.0231225b1983 |||||||| |||| 00| 0 eng d aLK-CoMWRAFdLK-CoMWRAFeLK-CoMWRAF aeng a305.8bSRI a Sri Lanka- who wants a separate state? a[Colombo]:bDepartment of Information, Sri Lanka, c[1983] a 8 unnumbered p. ; 21 cm. a Overseas information seriesvno. 9 aSri Lanka- Politics and government aTamil (Indic people) Sri Lanka